Central Library OPAC University of Rajshahi

ICPM interpersonal skills for the manager / (Record no. 77116)

MARC details
000 -LEADER
fixed length control field 01008nam a2200301 a 4500
001 - CONTROL NUMBER
control field 77116
003 - CONTROL NUMBER IDENTIFIER
rucl marc code BD-RjUL
005 - DATE AND TIME OF LATEST TRANSACTION
control field 20211209082928.0
008 - FIXED-LENGTH DATA ELEMENTS--GENERAL INFORMATION
fixed length control field 200225s1983 ilua b 000 0 eng
020 ## - INTERNATIONAL STANDARD BOOK NUMBER
International Standard Book Number 0870943502 (looseleaf)
035 ## - SYSTEM CONTROL NUMBER
System control number (BD-RjUL)77340
040 ## - CATALOGING SOURCE
Original cataloging agency DLC
Transcribing agency DLC
Modifying agency DLC
-- BD-RjUL
Language of cataloging eng
041 ## - LANGUAGE CODE
Language code of text/sound track or separate title eng
082 00 - DEWEY DECIMAL CLASSIFICATION NUMBER
Edition number 23
Classification number 658.3
Author mark and year DAI 1983
100 1# - MAIN ENTRY--PERSONAL NAME
Personal name Daily, James M.
9 (RLIN) 212250
245 10 - TITLE STATEMENT
Title ICPM interpersonal skills for the manager /
Statement of responsibility, etc. James M. Daily.
260 ## - PUBLICATION, DISTRIBUTION, ETC. (IMPRINT)
Place of publication, distribution, etc. Homewood, Ill. :
Name of publisher, distributor, etc. Dow Jones-Irwin,
Date of publication, distribution, etc. c1983.
300 ## - PHYSICAL DESCRIPTION
Pagination vii, 137 p. :
Illustrations ill. ;
Size 30 cm.
500 ## - GENERAL NOTE
General note On cover: Institute of Certified Professional Managers.
General note Title on cover: Interpersonal skills for the manager.
504 ## - BIBLIOGRAPHY, ETC. NOTE
Bibliography, etc Includes bibliographies.
650 #0 - SUBJECT ADDED ENTRY--TOPICAL TERM
Topical term or geographic name as entry element Personnel management.
9 (RLIN) 239803
Topical term or geographic name as entry element Organizational behavior.
9 (RLIN) 239804
710 2# - ADDED ENTRY--CORPORATE NAME
Corporate name or jurisdiction name as entry element Institute of Certified Professional Managers (U.S.)
9 (RLIN) 239805
942 ## - ADDED ENTRY ELEMENTS (KOHA)
Source of classification or shelving scheme Dewey Decimal Classification
Koha item type Books
Holdings
Lost status Source of classification or shelving scheme Damaged status Not for loan Collection code Permanent Location Current Location Shelving location Date acquired Source of acquisition Total Checkouts Full call number Date last seen Copy number Koha item type
  Dewey Decimal Classification   Not For Loan Non-fiction Central Library, University of Rajshahi Central Library, University of Rajshahi Reading Room 11/09/1986 Asia Foundation   658.3 DAI 1983 25/02/2020 C-1 Books